| 000 | 00940cam a2200289 4500 | ||
|---|---|---|---|
| 001 | 450 | ||
| 003 | BD-RjUL | ||
| 005 | 20211208233200.0 | ||
| 008 | 131118s1972 enk b 001 0 eng | ||
| 020 | _a023395760X | ||
| 035 | _a(BD-RjUL) 467 | ||
| 040 |
_aDLC _cDLC _dDLC _beng |
||
| 041 | _aeng | ||
| 082 | 0 | 0 |
_a020.7111724 _bDEP 1972 _216 |
| 100 | 1 |
_aDean, John _q(John E.) _91403 |
|
| 245 | 1 | 0 |
_aPlanning library education programmes : _ba study of the problems involved in the management and operation of library schools in the developing countries / _cJohn Dean. |
| 260 |
_aLondon : _bDeutsch, _cc1972. |
||
| 300 |
_a137 p. ; _c23 cm. |
||
| 350 | _a£2.30 | ||
| 490 | 0 | _aGrafton basic text | |
| 504 | _aIncludes bibliographical references. | ||
| 650 | 0 |
_aLibrary schools _zDeveloping countries. _91404 |
|
| 650 | 0 |
_aLibrary education _zDeveloping countries. _91405 |
|
| 942 |
_2ddc _cBK |
||
| 999 |
_c450 _d450 |
||